| 000 | 00746nam a22001575i 4500 | ||
|---|---|---|---|
| 001 | 153480 | ||
| 003 | ES-MaACL | ||
| 005 | 20230906205236.0 | ||
| 008 | 990701m18451847fr a |||| | fre d | ||
| 245 | 0 | 0 |
_aDictionnaire des arts et manufactures _b: description des procédés de l'industrie française et étrangère / _cpar M. Alcan,... Barral,... Barrault,... / publié [et préfacé] par M. C. Laboulaye. |
| 260 |
_aParis : _bLibrairie Scientifique-industrielle de L. Mathias (Augustin), _c1845-1847 ( _fImp. de Gustave Gratiot) |
||
| 300 |
_a1 t. en 2 v. (3894 col.) : _bil. ; _c27 cm. |
||
| 650 | 4 |
_aTecnología- _vDiccionarios. _917402 |
|
| 700 | 1 |
_aLaboulaye, Charles ( _d1813-1886 ) _9128548 |
|
| 852 |
_aES-MaACL _jG-12915-16 _z- Enc. piel |
||
| 999 |
_c153480 _d153480 |
||